Normal view
MARC view
- حوار البخيت، محمد عابد... وآخرون
Entry Personal Name
001 - CONTROL NUMBER
- control field: 46308
003 - CONTROL NUMBER IDENTIFIER
- control field: JO-AjAnu
005 - DATE AND TIME OF LATEST TRANSACTION
- control field: 20230606081643.0
008 - FIXED-LENGTH DATA ELEMENTS
- fixed length control field: 230606|| aca||aabn | a|a d
040 ## - CATALOGING SOURCE
- Original cataloging agency: JO-AjAnu
- Transcribing agency: JO-AjAnu
100 ## - HEADING--PERSONAL NAME
- Personal name: حوار البخيت، محمد عابد... وآخرون
670 ## - SOURCE DATA FOUND
- Source citation: Work cat.: (JO-AjAnu)23703: حوار البخيت، محمد عابد... وآخرون, author, المشروع النهضوي العربي: حوار الشهر"4" مع المفكر الدكتور محمد عابد الجابري